| Tag |
First Indicator |
Second Indicator |
Subfields |
| LEADER |
00000pam a2200000 a 4500 |
| 001 |
in00000080256 |
| 005 |
20151008060907.0 |
| 008 |
810910s1981 waua b s00100 eng |
| 010 |
|
|
|a 81014738
|
| 020 |
|
|
|a 0295958413
|
| 035 |
|
|
|a (OCoLC)07812615
|
| 035 |
|
|
|9 AAJ6831AM
|
| 039 |
0 |
|
|a 2
|b 3
|c 3
|d 3
|e 3
|
| 040 |
|
|
|a DLC
|c DLC
|d TXA
|d UtOrBLW
|
| 049 |
|
|
|a TXAM
|c [1805286]
|
| 050 |
0 |
0 |
|a QK604
|b .M93 1981
|
| 082 |
0 |
|
|a 589.2/075
|2 19
|
| 245 |
0 |
0 |
|a Mycology guidebook /
|c Mycology Guidebook Committee, Mycological Society of America ; Russell B. Stevens, editor.
|
| 250 |
|
|
|a 2nd print. with minor corrections and general index /
|b prepared by Joseph F. Ammirati.
|
| 264 |
|
1 |
|a Seattle :
|b University of Washington Press,
|c 1981.
|
| 300 |
|
|
|a xxiv, 712 pages :
|b illustrations ;
|c 24 cm.
|
| 336 |
|
|
|a text
|b txt
|2 rdacontent
|
| 337 |
|
|
|a unmediated
|b n
|2 rdamedia
|
| 338 |
|
|
|a volume
|b nc
|2 rdacarrier
|
| 500 |
|
|
|a Includes indexes.
|
| 504 |
|
|
|a Bibliography: pages 569-609.
|
| 650 |
|
0 |
|a Mycology
|x Technique.
|
| 650 |
|
0 |
|a Fungi
|x Collection and preservation.
|
| 700 |
1 |
|
|a Stevens, Russell B.,
|d 1915-
|
| 700 |
1 |
|
|a Ammirati, Joseph F.
|
| 710 |
2 |
|
|a Mycological Society of America.
|b Mycology Guidebook Committee.
|
| 999 |
|
|
|a MARS
|
| 999 |
f |
f |
|s 5a3a5e15-6622-3d45-a1eb-3dd5aba3f208
|i 2a83507d-9069-3445-9efc-d401d394d6c1
|t 0
|
| 952 |
f |
f |
|p normal
|a Texas A&M University
|b College Station
|c Sterling C. Evans Library
|s Evans stk
|d Evans: Library Stacks
|t 0
|e QK604 .M93 1981
|h Library of Congress classification
|i unmediated -- volume
|m A14819870045
|
| 998 |
f |
f |
|a QK604 .M93 1981
|t 0
|l Evans: Library Stacks
|